000 01030cam a22002538i 4500
999 _c57413
_d57413
001 20378382
005 20221105200651.0
008 180212s2019 pau b 001 0 eng
020 _a9780323608268 1
041 _aeng
080 _a616.31 P-36
245 1 0 _aPediatric dentistry :
_binfancy through adolescence /
_c Arthur J. Nowak ; John R. Christensen, Tad R. Mabry, Janice A. Townsend, Martha Wells, Laura Pardi Duprey.
250 _aSixth edition.
264 1 _aPhiladelphia:
_bElsevier,
_c2019.
300 _a656 p.:
_cill. ;
_b23 cm.
653 _aბავშვთა სტომატოლოგია
653 _aმედიცინა
700 1 _aNowak, Arthur J.,
_d
_eრედაქტორი
_98489
700 1 _aChristensen, John R.
_c
_eრედაქტორი
_98490
700 1 _aMabry, Tad R.,
_eრედაქტორი
_98491
700 1 _aTownsend, Janice A.,
_eრედაქტორი
_98492
700 1 _aWells, Martha
_q
_eრედაქტორი
_98493
942 _2udc
_cBK